000 nam a22 7a 4500
999 _c9074
_d9074
005 20220110063828.0
008 220110b xxu||||| |||| 00| 0 eng d
020 _a9781473660250
_bhard bound
040 _beng
_cAPEC Schools Library
_erda
082 _aC 155.937
_bB8274g 2017
100 _aBrazier, Jeff
245 _aThe Grief survival guide :
_bhow to navigate loss and all that comes with it /
_cJeff Brazier
264 _aLondon ;
_bHodder & Stoughton,
_c©2017.
300 _aviii, 456 pages.
336 _2rdacontent
_atext
337 _2rdamedia
_aunmediated
338 _2rdacarrier
_avolume
650 _aGrief.
942 _2ddc
_cNFIC